Building information modelling for Sri Lankan construction industry (Record no. 84161)

MARC details
000 -LEADER
fixed length control field 00816cad a22002175a 4500
001 - CONTROL NUMBER
control field L156797
008 - FIXED-LENGTH DATA ELEMENTS--GENERAL INFORMATION
fixed length control field 120716e20120217xxk 000 0 eng d
035 ## - SYSTEM CONTROL NUMBER
System control number (Sirsi) u156797
041 0# - LANGUAGE CODE
Language code of text/sound track or separate title eng
100 1# - MAIN ENTRY--PERSONAL NAME
Personal name Jayasena, Himal Suranga
245 00 - TITLE STATEMENT
Title Building information modelling for Sri Lankan construction industry
Medium [electronic resource]
260 ## - PUBLICATION, DISTRIBUTION, ETC.
Date of publication, distribution, etc. 2012
520 ## - SUMMARY, ETC.
Summary, etc. This working paper discusses integrating BIM into the construction industry in Sri Lanka.
590 ## - LOCAL NOTE (RLIN)
Local note KA NTK
651 #4 - SUBJECT ADDED ENTRY--GEOGRAPHIC NAME
Geographic name Sri Lanka
651 #4 - SUBJECT ADDED ENTRY--GEOGRAPHIC NAME
Geographic name International
690 ## - LOCAL SUBJECT ADDED ENTRY--TOPICAL TERM (OCLC, RLIN)
Topical term or geographic name as entry element BIM
9 (RLIN) 6219
700 1# - ADDED ENTRY--PERSONAL NAME
Personal name Weddikkara, Chitra
856 40 - ELECTRONIC LOCATION AND ACCESS
Uniform Resource Identifier <a href="https://mrt.academia.edu/HimalSurangaJayasena/Papers/1784148/Building_Information_Modelling_for_Sri_Lankan_Construction_Industry">https://mrt.academia.edu/HimalSurangaJayasena/Papers/1784148/Building_Information_Modelling_for_Sri_Lankan_Construction_Industry</a>
Public note View the working paper free of charge at mrt.academia.edu
942 ## - ADDED ENTRY ELEMENTS (KOHA)
Suppress in OPAC 0
Holdings
Withdrawn status Lost status Source of classification or shelving scheme Damaged status Not for loan Home library Current library Shelving location Date acquired Total Checkouts Full call number Barcode Date last seen Copy number Price effective from Koha item type
    Dewey Decimal Classification     Virtual Virtual Online 16/07/2012   ONLINE PUBLICATION 156797-2001 06/08/2019 1 06/08/2019 Book